Handbook of semiconductor electronics : a practical manual covering the physics, technology, and applications of transistors, diodes, and other semiconductor devices in conventional and integrated circuits /

Saved in:
Bibliographic Details
Main Author: Hunter, Lloyd P (ed.)
Other Authors: HUNTER, Lloyd Philip
Format: Book
Language:English
Published: New York : McGraw-Hill, c1970.
Edition:3rd ed.
Series:McGraw-Hill handbooks
Subjects:
LEADER 01347cam a2200337 a 4500
001 c000290788
003 CARM
005 20090224153758.0
008 700504s1970 nyua b 001 0 eng d
015 |a B7213318 
019 1 |a 35810  |z 3519587  |5 LACONCORD2021 
020 |a 0070313059 
035 |a (OCoLC)68716  |5 LACONCORD2021 
040 |a LC  |b eng  |c LC  |d LC  |d VCAV 
050 0 0 |a TK7871.85  |b .H8 1970 
050 1 4 |a TK7872.S4  |b H8 1970 
082 0 4 |a 621.38152 
100 1 |a Hunter, Lloyd P,  |e ed. 
245 1 0 |a Handbook of semiconductor electronics :  |b a practical manual covering the physics, technology, and applications of transistors, diodes, and other semiconductor devices in conventional and integrated circuits /  |c edited by Lloyd P. Hunter. 
246 3 |a Semiconductor electronics 
250 |a 3rd ed. 
260 |a New York :  |b McGraw-Hill,  |c c1970. 
300 |a 1 v. (various pagings) :  |b ill. ;  |c 23 cm. 
490 0 |a McGraw-Hill handbooks 
504 |a Includes bibliographies and index. 
650 0 |a Semiconductors. 
700 1 0 |a HUNTER, Lloyd Philip. 
740 0 |a Semiconductor electronics. 
852 8 |b CARM  |h A3:AB23G0  |i C11652  |p 0524462  |f BK 
999 f f |i d564c233-e8f2-5d69-8160-5f519490b97d  |s d17aac2e-1b3a-5b56-8a47-c75c32f20824 
952 f f |p Can circulate  |a CAVAL  |b CAVAL  |c CAVAL  |d CARM 1 Store  |e C11652  |f A3:AB23G0  |h Other scheme  |i book  |m 0524462